Movies with Long Titles - Statistics

General Stats
  • This quiz has been taken 7 times
  • The average score is 5 of 20
Answer Stats
Year the Film Was Released Theatrically Really Long Major Motion Picture Title for the Sake of This JetPunk Quiz How Many Words Are in the Title of the Film % Correct
2007 The Assassination of Jesse James by the Coward Robert Ford 10
67%
2001 The Lord of the Rings: The Fellowship of the Ring 10 (5 before colon)
50%
2022 Doctor Strange in the Multiverse of Madness 7
33%
2001 Harry Potter and the Order of the Phoenix 8
33%
2019 How to Train Your Dragon: The Hidden World 8 (5 before colon)
33%
2023 (originally going to be released in 2022) Mission: Impossible: Dead Reckoning: Part One 6 (1/1/2/4 total before colon)
33%
2004 Anchorman: The Legend of Ron Bergundy 6 (1 before colon)
17%
2014 Birdman or (The Unexpected Virtue of Ignorance) 7
17%
2006 Borat: Cultural Learnings of America for Make Benefit Glorious Nation of Kazakhstan 12 (1 before colon)
17%
2000 Dr. Seuss' How the Grinch Stole Christmas 7
17%
2008 Indiana Jones and the Kingdom of the Crystal Skull 9
17%
2004 Lemony Snicket's A Series of Unfortunate Events 7
17%
2017 Mark Felt: The Man Who Brought Down the White House 10 (2 before colon)
17%
2003 Pirates of the Caribbean: The Curse of the Black Pearl 10 (4 before colon)
17%
2021 Shang-Chi and the Legend of the Ten Rings 8
17%
2019 Star Wars: Episode IX: The Rise of Skywalker 8 (2/2/4 total before colon)
17%
2005 The Adventures of Sharkboy and Lavagirl in 3-D 8
17%
2005 The Chronicles of Narnia: The Lion, the Witch and the Wardrobe 11 (4 before colon)
17%
2023 The Hunger Games: The Ballad of Songbirds and Snakes 9 (3 before colon)
17%
2005 Wallace and Gromit: The Curse of the Were-Rabbit 8 (3 before colon)
17%
No matching quizzes found
Score Distribution
Percent of People with Each Score
Percentile by Number Answered
Your Score History
You have not taken this quiz